|
|
|
|
| LEADER |
00000nam a2200000 a 4500 |
| 001 |
vtls011099346 |
| 003 |
SK-MaSNL |
| 005 |
20260301134652.0 |
| 008 |
200612s2015 xo o e 000 0 slo |
| 015 |
|
|
|a SNBA2015/11
|
| 020 |
|
|
|a 9788097132873
|q (brož.)
|
| 035 |
|
|
|a urn:nbn:sk:snk-am00a1ow
|
| 035 |
|
|
|a urn:nbn:sk:snk-am3hdc3
|
| 035 |
|
|
|a 2441686A-75FC-415D-AC35-EE1902966FA2
|
| 040 |
|
|
|a SNK
|b slo
|c SNK
|e AACR2
|
| 041 |
0 |
|
|a slo
|
| 044 |
|
|
|a xo
|c SK
|
| 072 |
|
7 |
|a 641
|x Kuchárstvo. Potraviny. Varené jedlá
|2 konspekt
|
| 080 |
|
|
|a 613.2
|2 2001
|
| 080 |
|
|
|a (035)
|2 2001
|
| 080 |
|
|
|a 613
|2 2001
|
| 080 |
|
|
|a 796.015.132
|2 2001
|
| 080 |
|
|
|a (083.12)
|2 2001
|
| 245 |
0 |
0 |
|a Jedlo a fitness
|b viac než 150 originálnych receptov : 5 stravovacích plánov vypracovaných fitness trénerom samostatne pre mužov (2x) a ženy (3x)
|
| 250 |
|
|
|a 1. vyd.
|
| 260 |
|
|
|a [Levice]
|b Boris Kováč - Btapress
|c 2015
|
| 300 |
|
|
|a 219 s.
|b fareb. fotogr.
|c 21 cm
|
| 500 |
|
|
|a Hrebeňová väzba
|
| 500 |
|
|
|a Miesto vyd. podľa ISBN
|
| 500 |
|
|
|a Názov z obalu
|
| 650 |
0 |
7 |
|a zdravá výživa
|2 SNKPH
|9 66259
|
| 650 |
0 |
7 |
|a Healthy eating
|2 SNKPHeng
|9 267865
|
| 650 |
0 |
7 |
|a životospráva
|2 SNKPH
|9 23728
|
| 650 |
0 |
7 |
|a Health behavior
|2 SNKPHeng
|9 292072
|
| 650 |
0 |
7 |
|a fitnes
|2 SNKPH
|9 31481
|
| 650 |
0 |
7 |
|a zdravý životný štýl
|2 SNKPH
|9 68571
|
| 650 |
0 |
7 |
|a Healthy lifestyle
|2 SNKPHeng
|9 268752
|
| 655 |
|
7 |
|a príručky
|2 SNKPH
|9 74364
|
| 655 |
|
7 |
|a Handbooks, manuals, etc.
|2 SNKPHeng
|9 90964
|
| 655 |
|
7 |
|a kuchárske recepty
|2 SNKPH
|9 70493
|
| 655 |
|
7 |
|a Cookbooks
|2 SNKPHeng
|9 270340
|
| 852 |
|
|
|a Štátna vedecká knižnica v Banskej Bystrici
|
| 919 |
|
|
|a 978-80-971328-7-3
|
| 999 |
|
|
|c 757702
|d 759632
|
| 952 |
|
|
|a SNK
|b SNK
|y PREZ
|7 0
|p 17A1173757
|o snkSC 166769
|i snk2015/29905
|8 0
|0 0
|1 0
|4 0
|d 2015-10-28
|f 1
|l 0
|r 2026-02-23 23:54:09
|w 2026-02-23
|
| 952 |
|
|
|a SNK
|b SNK
|y PREZ
|7 0
|p 17A1173758
|o snkSC 166769 D1
|i snk2015/29906
|8 0
|0 0
|1 0
|4 0
|d 2015-10-28
|l 0
|r 2026-02-23 23:54:09
|w 2026-02-23
|